000
00335nam a2200145Ia 4500
008
230718s9999 xx 000 0 und d
041
_a
Eng.
082
_a
346.543
_b
MR.-M
100
_a
Mr. M Farani
245
0
_a
Manual of Banking Laws
260
_a
Pakistan
_b
Nadeem Law Book
_c
2014
300
_a
755
650
_a
Law
999
_c
30058
_d
30058